Κατάλογος Βιβλιοθηκών Mediterranean College

Χρηματοδότηση Μικρομεσαίων Επιχειρήσεων στη Χώρα μας και Οικονομική Παραβατικότητα. (Record no. 8681)

MARC details
000 -LEADER
fixed length control field 01590cam a22001814a 4500
005 - ΗΜΕΡΟΜΗΝΙΑ ΚΑΙ ΩΡΑ ΤΕΛΕΥΤΑΙΑΣ ΕΝΗΜΕΡΩΣΗΣ
Πεδίο ελέγχου 20250605164343.0
008 - FIXED-LENGTH DATA ELEMENTS--GENERAL INFORMATION
Πεδίο ελέγχου σταθερού μήκους 250528s ||||||||||||||||||||||||d
035 ## - SYSTEM CONTROL NUMBER
System control number 23732
040 ## - ΠΗΓΗ ΚΑΤΑΛΟΓΟΓΡΑΦΗΣΗΣ
Φορέας πρωτότυπης καταλογογράφησης MC Athens Campus Library
Γλώσσα καταλογογράφησης Ελληνικά, Μοντέρνα (1453-)
Modifying agency MC Athens Campus Library
Κανόνες περιγραφικής καταλογογράφησης AACR2
245 1# - ΤΙΤΛΟΣ ΚΑΙ ΔΗΛΩΣΗ ΥΠΕΥΘΥΝΟΤΗΤΑΣ
Τίτλος Χρηματοδότηση Μικρομεσαίων Επιχειρήσεων στη Χώρα μας και Οικονομική Παραβατικότητα.
260 ## - PUBLICATION, DISTRIBUTION, ETC.
Date of publication, distribution, etc. 2008
300 ## - PHYSICAL DESCRIPTION
Extent 57
520 ## - SUMMARY, ETC.
Summary, etc. Πρόλογος, Θεωρία Χρηματοδότησης, Κατηγορίες και Κριτήρια Χρηματοδοτήσεων, Κανόνες Κριτήρια Χρηματοδότησης, Γενικά Ειδικά Κριτήρια, Κριτήρια Μορφών Χρηματοδότησης, Με κριτήριο τη Ρευστότητα Ασφάλειες τον Κλάδο Δραστηριότητασ, Επιτόκια Οικονομική Παραβατικότητα, Το Νομικό Πλαίσιο, Μικρές και Μεσαίες Επιχειρήσης, Ορισμός, Χαρακτηριστηκά και Ιδιαιτερότητες, Πλεονεκτήματα, Μειονεκτήματα, Σπουδαιότητα των ΜΜΕ, Τα αίτια αποτυχίας των ΜΜΕ, Διαφορές ΜΜΕ με Μεγάλες Επιχειρήσεις, Εμπερική Έρευνα, Τράπεζες, Ερωτηματολόγιο, Συμπεράσματα και Προτάσεις, Βιβλιογράφια.
700 1# - ΠΡΟΣΘΕΤΗ ΑΝΑΓΡΑΦΗ--ΦΥΣΙΚΟ ΠΡΟΣΩΠΟ
Personal name Βασιλείου Λουκά
9 (RLIN) 9278
942 ## - ADDED ENTRY ELEMENTS (KOHA)
Koha item type Διπλωματική εργασία
Holdings
Τύπος τεκμηρίου Βιβλιοθήκη Τρέχουσα τοποθεσία Barcode Ημερομηνία απόκτησης Ταξιθετικό σύμβολο Αριθμός αντιτύπου Κατάσταση απόσυρσης Κατάσταση χαμένου Κατάσταση κατεστραμμένου Μη δανεισμός Σύνολο δανεισμών Ημερομηνία τελευταίας εμφάνισης Η τιμή ισχύει από
Διπλωματική εργασία MC Athens Campus Library MC Athens Campus Library 9780000086808 05/06/2025 BUS 2008 (10) 1           05/06/2025 05/06/2025

MC Athens Campus Library
Πατησίων 94 & Κοδριγκτώνος 13, 104 34
Πελλήνης 8 & Πατησίων 107, 112 51
Τ: +30 210 8899600

MC Thessaloniki Campus Library
Ίωνος Δραγούμη 21, 54625 | Ίωνος Δραγούμη 15, 54625
Τ: +30 2310 287779 – Τ: +30 2314 440300